000 00611nam a2200205Ia 4500
008 140626s9999 xx 000 0 und d
100 _aBeuscher, Linda.
245 _aBrachioradial pruritus :
_bapproach to the patient with enigmatic forearms pruritus /
_cLinda Beuscher ... [et al.].
260 _cc2012.
300 _a8 : 9, page 736
440 _aThe Journal for Nurse Practitioners (JNP)
521 _aNUR
650 _aCervical neuropathy.
650 _aDermatome.
650 _aIce pack sign.
650 _aPruritus.
650 _aSeasonal itching.
650 _aSun exposure.
942 _cSE
999 _c121447
_d121447